Statistics for Countries with the Most German Speakers

Click here to take the quiz!

General Stats

  • This quiz has been taken 77 times
  • The average score is 9 of 10

Answer Stats

PlaceStatusSpeakersAnswer% Correct
3.National8 556 960Austria
100%
1.National80 701 421Germany
100%
6.National5 724 393Switzerland
99%
4.7 214 300Poland
93%
9.3 465 600Russia
91%
7.5 364 800France
90%
2.12 268 800Netherlands
90%
5.5 998 500U.K.
88%
10.3 069 000Sweden
66%
8.4 508 000Brazil
61%

Score Distribution

Percentile by Number Answered

Percent of People with Each Score

Your Score History

You have not taken this quiz